Human Rights- Victims And Rehabilitation/ (Record no. 196699)

MARC details
000 -LEADER
fixed length control field 00585nam a2200193 4500
005 - DATE AND TIME OF LATEST TRANSACTION
control field 20240208153424.0
010 ## - LCCN (DPL NO)
LC control number ENG-137503
020 ## - INTERNATIONAL STANDARD BOOK NUMBER
International Standard Book Number 9788190863391
Terms of availability 1500.00
035 ## - SYSTEM CONTROL NUMBER
System control number EN-121035
037 ## - SOURCE OF ACQUISITION
Source of stock number/acquisition DBAD/PUB
082 ## - DEWEY DECIMAL CLASSIFICATION NUMBER
Classification number 323
100 ## - MAIN ENTRY--PERSONAL NAME
Personal name Marappan, V.
245 ## - TITLE STATEMENT
Title Human Rights- Victims And Rehabilitation/
Remainder of title V. Marappan [and] J.Devakumar
260 ## - PUBLICATION, DISTRIBUTION, ETC. (IMPRINT)
Place of publication, distribution, etc Chennai
Name of publisher, distributor, etc Mangala Publications
270 ## - ADDRESS
Address Razack Garden Main Road, Arumbakkam
City Chennai
Postal code 106
300 ## - PHYSICAL DESCRIPTION
Extent 876p.
Dimensions 25cm(pbk)
700 ## - ADDED ENTRY--PERSONAL NAME
Personal name Devakumar, J.
9 (RLIN) 61811
942 ## - ADDED ENTRY ELEMENTS (KOHA)
Source of classification or shelving scheme Dewey Decimal Classification
Item type English Books
Classification part 323
Call number suffix HUM
Holdings
Withdrawn status Lost status Not for loan Collection code Home library Current library Date acquired Source of acquisition Cost, normal purchase price Full call number Barcode Copy number Cost, replacement price Koha item type
      Non-fiction Sarojini Nagar Sarojini Nagar 20/07/2023 DBAD/PUB 1500.00 323 HUM EN-121035 1 1500.00 English Books

© Delhi Public Library
Hit Counter
free hit counter